FINDOUT! ANIMALS (Record no. 1798)
[ view plain ]
| 000 -LEADER | |
|---|---|
| fixed length control field | 00440nam a22001457a 4500 |
| 020 ## - INTERNATIONAL STANDARD BOOK NUMBER | |
| ISBN | 978-0-2413-6571-7 |
| 082 ## - DEWEY DECIMAL CLASSIFICATION NUMBER | |
| Classification number | 403 |
| Item number | AND/A |
| 100 ## - MAIN ENTRY--AUTHOR NAME | |
| Personal name | MILLS, ANDREA |
| 245 ## - TITLE STATEMENT | |
| Title | FINDOUT! ANIMALS |
| 260 ## - PUBLICATION, DISTRIBUTION, ETC. (IMPRINT) | |
| Place of publication | LONDON |
| Name of publisher | DK LIMITED |
| Year of publication | 2018 |
| 300 ## - PHYSICAL DESCRIPTION | |
| Number of Pages | 64 |
| 520 ## - SUMMARY, ETC. | |
| Summary, etc | THE BOOK IS PACKED WITH SURPRISING FACTS AND AMAZING PICTURES FROK THE ANIMAL WORLD. ITS A SMALL BOOK FILLED WITH BIG IDEAS |
| 650 ## - SUBJECT ADDED ENTRY--TOPICAL TERM | |
| Topical Term | SCIENCE ENCYCLOPEDIA |
| Geographic subdivision | INDIA |
| 942 ## - ADDED ENTRY ELEMENTS (KOHA) | |
| Koha item type | Books |
| Withdrawn status | Lost status | Collection code | Home library | Current library | Shelving location | Date acquired | Source of acquisition | Cost, normal purchase price | Full call number | Accession Number | Koha item type |
|---|---|---|---|---|---|---|---|---|---|---|---|
| Reference | Main Library | Main Library | SHELF 1-B DICTIONARIES& ENCYCLOPEDIAS | 27/07/2018 | purchase | 395.00 | 403 AND/A | 10225 | Books | ||
| Reference | Main Library | Main Library | SHELF 1-B DICTIONARIES& ENCYCLOPEDIAS | 23/05/2019 | purchase | 395.00 | 403 AND/A | 11144 | Books |